|
|
|
|
| LEADER |
00000nam0a2200000 4500 |
| 001 |
67198 |
| 005 |
20231031073353.0 |
| 035 |
|
|
|a (RuTPU)RU\TPU\book\71560
|
| 090 |
|
|
|a 67198
|
| 100 |
|
|
|a 20040914d1982 m y0rusy50 ca
|
| 101 |
0 |
|
|a rus
|
| 102 |
|
|
|a RU
|
| 105 |
|
|
|a a j 001zy
|
| 200 |
1 |
|
|a Художественное литье
|e учебное пособие
|f Б. Н. Зотов
|
| 210 |
|
|
|a Москва
|c Машиностроение
|d 1982
|
| 215 |
|
|
|a 288 с.
|c ил.
|
| 320 |
|
|
|a Библиогр.: с. 286.
|
| 610 |
1 |
|
|a литье
|
| 610 |
1 |
|
|a художественное литье
|
| 610 |
1 |
|
|a формовка
|
| 610 |
1 |
|
|a формовочные материалы
|
| 610 |
1 |
|
|a литейные сплавы
|
| 610 |
1 |
|
|a литейные формы
|
| 610 |
1 |
|
|a литниковые системы
|
| 610 |
1 |
|
|a стержни
|
| 610 |
1 |
|
|a изготовление
|
| 610 |
1 |
|
|a опоки
|
| 610 |
1 |
|
|a кусковая формовка
|
| 610 |
1 |
|
|a скульпторы
|
| 610 |
1 |
|
|a архитектурные отливки
|
| 610 |
1 |
|
|a гипсовые модели
|
| 610 |
1 |
|
|a техника безопасности
|
| 610 |
1 |
|
|a учебные пособия
|
| 675 |
|
|
|a 673.3(075.32)
|v 3
|
| 700 |
|
1 |
|a Зотов
|b Б. Н.
|g Борис Никитич
|
| 801 |
|
1 |
|a RU
|b 63413507
|c 20040914
|g PSBO
|
| 801 |
|
2 |
|a RU
|b 63413507
|c 20160614
|g PSBO
|
| 942 |
|
|
|c BK
|